Größte deutsche Städte mit "SCH" - Statistiken

Allgemein
  • Dieses Quiz wurde 108 mal gespielt
  • Das Durchschnittsergebnis liegt bei 4 aus 13
Antwortstatistiken
Einwohner Bundesland Antwort % Korrekt
98.596 Mecklenburg-Vorpommern Schwerin
96%
55.067 Bayern Schweinfurt
67%
25.904 Schleswig-Holstein Schleswig
44%
42.743 Baden-Württemberg Schwäbisch Hall
33%
46.571 Nordrhein-Westfalen Schwerte
29%
41.380 Bayern Schwabach
27%
62.726 Baden-Württemberg Schwäbisch Gmünd
25%
33.524 Brandenburg Schwedt/Oder
21%
30.239 Bayern Schwandorf
18%
28.711 Nordrhein-Westfalen Schwelm
18%
40.614 Baden-Württemberg Schorndorf
12%
30.402 Sachsen-Anhalt Schönebeck (Elbe)
6%
27.520 Nordrhein-Westfalen Schloß Holte-Stukenbrock
2%
Keine übereinstimmenden Quizze gefunden
Verteilung der Resultate
Anzahl Personen mit jedem Resultat
Perzentil nach korrekt beantworteten Fragen
Ihre Resultats-Entwicklung
Sie haben dieses Quiz noch nicht gespielt